=LDR 00000nam 2200000 4500 =001 INLIS000000000809706 =008 ###################################ind## =035 ##$$a 0010-0825000199 =245 ##$$a Atom, Ion Dan Molekul Beserta Aplikasinya / $c suntari =260 ##$$b Intan Pariwara =020 ##$$a 597994157616 =084 ##$$a 582 ARI a =082 ##$$a 582